000 00493nam a22001817a 4500
005 20230201150149.0
008 230201b ||||| |||| 00| 0 eng d
040 _cAL
041 _aEnglish
082 _223
_a332.1
_bKALF
100 _aS Kalidas
_970511
245 _aFinancial Institutions and Banking
260 _aPune
_bSymbiosis Centre for Distance Learning
_c2009
300 _a428 p.
_bPB
_c24x18 cm.
650 _aBanking
_970512
700 _aKALIDAS (S)
_970513
942 _2ddc
_cDB
999 _c226522
_d226522